00727pam a2200217 a 4500020001500000040000800015082002700023100001700050245005900067250001100126260003600137300004300173500007300216500001900289520008700308650002700395650001600422700003100438700002200469700001800491 a007008646X cund a621 MCG 1987 A044 Or. 1 aBuban, Peter10aUnderstanding electricity and electronics technology / a5th ed aNew York :bMcGraw-Hill,cc1987 ax, 531 p. :bill. (some col.) ;c25 cm aRev. ed. of: Understanding electricity and electronics. 4th ed. 1982 aIncludes index aA textbook of the theory and practical applications of electricity and electronics 0aElectrical engineering 0aElectronics1 aSchmitt, Marshall Langdon,1 aCarter, Charles G1 aBuban, Peter.